| 000 | 00402nam a2200121Ia 4500 | ||
|---|---|---|---|
| 008 | 230222s9999||||xx |||||||||||||| ||und|| | ||
| 040 | _cChuka University Library | ||
| 050 |
_aBSL THE HJ 2052 _bN93 2015 |
||
| 100 |
_aNyakundi,Mogere Henry _97330 |
||
| 245 | 0 | _aEffect of budgeting on public sector wage bill management by the government of Kenya | |
| 260 |
_aChuka university _bChuka _c2015 |
||
| 942 | _cBK | ||
| 999 |
_c12436 _d12436 |
||